Mr. Ishinaka tells tales of rural drollery
Wedi'i Gadw mewn:
| Prif Awdur: | |
|---|---|
| Fformat: | Llyfr |
| Iaith: | Undetermined |
| Cyhoeddwyd: |
[Tokyo]
Yohan Publications
1971
|
| Tagiau: |
Ychwanegu Tag
Dim Tagiau, Byddwch y cyntaf i dagio'r cofnod hwn!
|
| Thư viện lưu trữ: | Trung tâm Học liệu Trường Đại học Cần Thơ |
|---|
| LEADER | 00508nam a2200181Ia 4500 | ||
|---|---|---|---|
| 001 | CTU_113445 | ||
| 008 | 210402s9999 xx 000 0 und d | ||
| 020 | |c 1429000 | ||
| 082 | |a 895.6 | ||
| 082 | |b I.79 | ||
| 100 | |a Ishizaka, Yojiro | ||
| 245 | 0 | |a Mr. Ishinaka tells tales of rural drollery | |
| 245 | 0 | |c Yojiro Ishizaka; Translated by Paul T. Konya | |
| 260 | |a [Tokyo] | ||
| 260 | |b Yohan Publications | ||
| 260 | |c 1971 | ||
| 904 | |i M.Loan | ||
| 980 | |a Trung tâm Học liệu Trường Đại học Cần Thơ | ||